<?xml version="1.0" encoding="UTF-8"?>
<collection xmlns="http://www.loc.gov/MARC21/slim">
 <record>
  <leader>00813cam a2200205 7i4500</leader>
  <controlfield tag="001">0000011104</controlfield>
  <controlfield tag="005">20100309090000.0</controlfield>
  <controlfield tag="008">100309s1974    enk                 eng   </controlfield>
  <datafield tag="020" ind1="0" ind2="0">
   <subfield code="a">0876660286 </subfield>
  </datafield>
  <datafield tag="090" ind1="0" ind2="0">
   <subfield code="a">SH 171 </subfield>
   <subfield code="b">.E4 1974</subfield>
  </datafield>
  <datafield tag="100" ind1="1" ind2="0">
   <subfield code="a">Elkan, E. </subfield>
  </datafield>
  <datafield tag="245" ind1="0" ind2="0">
   <subfield code="a">Color atlas of the diseases of fishes, amphibians and reptiles  </subfield>
   <subfield code="c">E.Elkan and H. Reichenbach-Klinke.</subfield>
  </datafield>
  <datafield tag="260" ind1="0" ind2="0">
   <subfield code="a">Neptune, New Jersey: </subfield>
   <subfield code="b">T.F.H. Publications, Inc., </subfield>
   <subfield code="c">1974.</subfield>
  </datafield>
  <datafield tag="300" ind1="#" ind2="#">
   <subfield code="a">256 p.: </subfield>
   <subfield code="b">ill. (some col.); </subfield>
   <subfield code="c">22 cm..</subfield>
  </datafield>
  <datafield tag="650" ind1="0" ind2="0">
   <subfield code="a">Amphibians -- </subfield>
   <subfield code="x">Diseases -- </subfield>
   <subfield code="x">Pictorial works </subfield>
  </datafield>
  <datafield tag="650" ind1="0" ind2="0">
   <subfield code="a">Reptiles -- </subfield>
   <subfield code="x">Diseases -- </subfield>
   <subfield code="x">Pictorial works </subfield>
  </datafield>
  <datafield tag="650" ind1="0" ind2="0">
   <subfield code="a">Fishes -- </subfield>
   <subfield code="x">Diseases -- </subfield>
   <subfield code="x">Pictorial works </subfield>
  </datafield>
  <datafield tag="700" ind1="1" ind2="1">
   <subfield code="a">Reichenbach Klinke, H. </subfield>
  </datafield>
  <datafield tag="999" ind1=" " ind2=" ">
   <subfield code="a">1000381679</subfield>
   <subfield code="b">Book</subfield>
   <subfield code="c">Open Shelf</subfield>
   <subfield code="e">KOLEKSI TERBUKA</subfield>
  </datafield>
  <datafield tag="999" ind1=" " ind2=" ">
   <subfield code="a">1000381766</subfield>
   <subfield code="b">Book</subfield>
   <subfield code="c">Open Shelf</subfield>
   <subfield code="e">KOLEKSI TERBUKA</subfield>
  </datafield>
 </record>
</collection>
